000 01280cam a22002174a 4500
005 20250605164310.0
008 250528s ||||||||||||||||||||||||d
035 _a22461
020 _a9789600105957
040 _aGR-AtMCL
_bgre
_dGR-AtMCL
_eAACR2
245 1 _aΠΑΙΔΑΓΩΓΙΚΗ ΕΠΙΣΤΗΜΗ: ΒΑΣΙΚΗ ΘΕΜΑΤΙΚΗ
250 _a3
260 _bGutenberg,
_c2007
300 _a307
505 0 _aΘΕΜΕΛΙΩΔΗΣ ΑΠΟΨΕΙΣ ΤΟΥ ΦΑΙΝΟΜΕΝΟΥ ΤΗΣ ΑΓΩΓΗΣ Η ΕΜΦΑΝΙΣΗ ΤΗΣ ΠΑΙΔΑΓΩΓΙΚΗΣ ΚΑΙ Η ΕΞΕΛΙΞΗ ΤΗΣ ΣΕ ΕΠΙΣΤΗΜΟΝΙΚΟ ΚΛΑΔΟ ΚΑΤΕΥΘΥΝΣΕΙΣ ΤΗΣ ΘΕΩΡΙΑΣ ΤΗΣ ΕΠΙΣΤΗΜΗΣ ΚΑΙ ΕΠΙΔΡΑΣΕΙΣ ΑΥΤΩΝ ΣΤΗ ΔΙΑΜΟΡΦΩΣΗ ΠΑΙΔΑΓΩΓΙΚ
520 _aΘΕΜΕΛΙΩΔΗΣ ΑΠΟΨΕΙΣ ΤΟΥ ΦΑΙΝΟΜΕΝΟΥ ΤΗΣ ΑΓΩΓΗΣ Η ΕΜΦΑΝΙΣΗ ΤΗΣ ΠΑΙΔΑΓΩΓΙΚΗΣ ΚΑΙ Η ΕΞΕΛΙΞΗ ΤΗΣ ΣΕ ΕΠΙΣΤΗΜΟΝΙΚΟ ΚΛΑΔΟ ΚΑΤΕΥΘΥΝΣΕΙΣ ΤΗΣ ΘΕΩΡΙΑΣ ΤΗΣ ΕΠΙΣΤΗΜΗΣ ΚΑΙ ΕΠΙΔΡΑΣΕΙΣ ΑΥΤΩΝ ΣΤΗ ΔΙΑΜΟΡΦΩΣΗ ΠΑΙΔΑΓΩΓΙΚ
700 1 _aΚριβας Σπυρος
_98281
942 _cBK
999 _c7513
_d7513